000 004430000a22001210004500
090 _aAs
_bSeriadas
245 1 0 _aNew colombian frog of the genus eleutherodactylus from the Northern Cordillera Occidental
041 0 _aInglés
700 1 _aArdila Robayo, M. Cristina
_9100273
100 1 _aLynch, John D.
_992907
942 _cARTICULO
773 1 _tRevista de la Academia Colombiana de Ciencias Exacta, Físicas y Naturales
_h108
_q403-408
_d2004
_g28
999 _c16067
_d16067